000 00787nam a2200277Ia 4500
003 OSt
005 20221006144802.0
006 a|||||r|||| 00| 0
007 ta
008 221006b |||||||| |||| 00| 0 chi d
020 _a9787100024730
_cYu 9.10
024 _a12,721
037 _bGift, PRC
_cTextual
040 _aEASL
_cEASL
_bchi
041 _2chi
_achi
082 _aP41OaS:682, N7
100 _aSAPIR Edward
245 0 _aYu yan lun
_b Yan yu yanjiu dao lun
260 _aBeijing
_bShang Wu Yin Shuguan China
_c1997
300 _a208p.
_ccm.
490 _v CL
650 _aCL
_9642733
700 _a LU Zhuo Yuan etc. Tr.
_9652864
942 _hP41OaS:682, N7
_cTEXL
_2CC
999 _c1080807
_d1080807